Kružnice a elipsy nad konečnými poľami

Gespeichert in:
Bibliographische Detailangaben
1. Verfasser: Ulrichová, Barbora (Verfasst von)
Weitere Verfasser: Čipková, Karla (Betreuung Doktorarbeit)
Format: Manuskript Buch
Sprache:Slowakisch
Veröffentlicht: 2021
Schlagworte:
Online-Zugang:http://is.stuba.sk/zp/portal_zp.pl?podrobnosti=149618
Tags: Tag hinzufügen
Keine Tags, Fügen Sie das erste Tag hinzu!

MARC

LEADER 00000ntm a22000003a 4500
001 stuzp82570
003 SK-STU
005 20210703211209.0
007 ta
008 150427s2015----xo-----f-mn---000-0-slo-d
040 |a STU  |b slo 
041 0 |a slo 
100 1 |a Ulrichová, Barbora  |u 035000  |4 aut  |U FEI Fakulta elektrotechniky a informatiky  |T FEI Ústav informatiky a matematiky  |X 98016  |U E050  |Y 816  |7 98016 
242 0 1 |a Circles and Ellipses in Finite Fields  |y eng 
245 1 0 |a Kružnice a elipsy nad konečnými poľami 
260 |c 2021 
650 4 |a kružnica  |2 slo 
650 4 |a elipsa  |2 slo 
650 4 |a konečné polia  |2 slo 
650 4 |a circle  |2 eng 
650 4 |a ellipse  |2 eng 
650 4 |a final fields  |2 eng 
700 1 |a Čipková, Karla  |u 035000  |k Z1  |4 ths  |U FEI Fakulta elektrotechniky a informatiky  |T FEI Ústav informatiky a matematiky  |X 2149  |U E050  |Y 816  |7 A000002149 
856 4 |u http://is.stuba.sk/zp/portal_zp.pl?podrobnosti=149618